000 00468nam a2200193Ia 4500
003 OSt
005 20221007065004.0
006 a|||||r|||| 00| 0
007 ta
008 221006b |||||||| |||| 00| 0 eng d
024 _a34,590
037 _cBound Volume
040 _aFLL
_cFLL
_beng
041 _2eng
_aeng
245 0 _aSan Diego Law Review
260 _aDelhi
_bSan Diego Law Review
_c0000
942 _cCR
_2CC
999 _c1135956
_d1135956